[Event "XV Festival A"]
[Site "Padova ITA"]
[Date "2012.12.21"]
[Round "7"]
[White "Milazzo, Mario"]
[Black "Zuttioni, Federico"]
[WhiteElo "2091"]
[BlackElo "2001"]
[Result "0-1"]
[PlyCount "88"]
[EventDate "2012.12.16"]

1. c4 e5 2. Nc3 g6 3. d4 exd4 4. Qxd4 Qf6 5. Nf3 Na6 6. Bg5 Qxd4 7. Nxd4 Bg7 8.
e3 Nf6 9. Be2 O-O 10. O-O-O d6 11. Bf3 Ng4 12. Bh4 Ne5 13. Be2 Bd7 14. h3 f5
15. Nb3 Be6 16. Nd5 c6 17. Nf4 Bxc4 18. Rxd6 Nb4 19. Bxc4+ Nxc4 20. Rd7 Bxb2+
21. Kb1 Bc3 22. Nd3 Na3+ 23. Kc1 Nxa2+ 24. Kd1 Rf7 25. Rxf7 Kxf7 26. Ke2 Bg7
27. Nd4 Nc3+ 28. Kf3 Nab5 29. Nc5 Nxd4+ 30. exd4 b6 31. Nb3 Rc8 32. g4 fxg4+
33. hxg4 h6 34. Rc1 Nd5 35. Ke4 Re8+ 36. Kd3 Nf4+ 37. Kc4 Re6 38. Ra1 a5 39.
Bd8 b5+ 40. Kc5 Nd5 41. Be7 Kxe7 42. Nxa5 Kd7 43. Nxc6 Rxc6+ 44. Kxd5 Rd6+ 0-1

[Event "XV Festival A"]
[Site "Padova ITA"]
[Date "2012.12.21"]
[Round "7"]
[White "Mosca, Leonildo"]
[Black "Baschirotto, Marco"]
[WhiteElo "2113"]
[BlackElo "1888"]
[Result "1/2-1/2"]
[PlyCount "81"]
[EventDate "2012.12.16"]

1. e4 g6 2. d4 Bg7 3. Nc3 c5 4. Nf3 cxd4 5. Nxd4 Nc6 6. Nxc6 bxc6 7. Bd3 d6 8.
O-O Nf6 9. Re1 e5 10. Bg5 h6 11. Bh4 g5 12. Bg3 h5 13. h4 Ng4 14. Bf1 gxh4 15.
Bh2 Qf6 16. Qf3 Qg5 17. Ne2 Rh6 18. Qc3 Nxh2 19. Kxh2 Bd7 20. Rad1 Rf6 21. f3
Bh6 22. Rd3 Qg6 23. Red1 Ke7 24. Qe1 Rg8 25. c4 c5 26. b4 h3 27. g3 h4 28. g4
Bxg4 29. fxg4 Qxg4 30. Bxh3 Bf4+ 31. Nxf4 Qxf4+ 32. Kh1 Rg3 33. bxc5 dxc5 34.
Bf5 Rb6 35. Qd2 Qxd2 36. R3xd2 Ra6 37. Rd5 Rxa2 38. Rxe5+ Kf6 39. Rxc5 Rgg2 40.
Rc6+ Ke5 41. Rc5+ {...} 1/2-1/2

[Event "XV Festival A"]
[Site "Padova ITA"]
[Date "2012.12.21"]
[Round "7"]
[White "Sanchez, Joseph"]
[Black "Massironi, Marco"]
[WhiteElo "2533"]
[BlackElo "2214"]
[Result "1-0"]
[PlyCount "99"]
[EventDate "2012.12.16"]

1. e4 c5 2. Nf3 d6 3. d4 cxd4 4. Nxd4 Nf6 5. Nc3 a6 6. Be3 e5 7. Nb3 Be6 8. Qd2
Nbd7 9. f3 b5 10. O-O-O Rc8 11. g4 Nb6 12. Kb1 Be7 13. g5 Nh5 14. Rg1 O-O 15.
h4 Qc7 16. Qf2 Nc4 17. Bc1 Na3+ 18. Ka1 Nxc2+ 19. Qxc2 b4 20. Bd2 bxc3 21. Qxc3
Qb6 22. Qe3 Qc6 23. Na5 Qd7 24. b3 d5 25. exd5 Bc5 26. dxe6 Qxe6 27. Bc4 Bxe3
28. Bxe6 Bxg1 29. Bxc8 Bd4+ 30. Kb1 Rxc8 31. Nc4 g6 32. Re1 Bf2 33. Rxe5 Bxh4
34. Ra5 Rc6 35. Rd5 Rc8 36. Rd7 f6 37. f4 Rf8 38. Ra7 fxg5 39. fxg5 Nf4 40. Bb4
Rd8 41. Be7 Rd5 42. Ne3 Re5 43. Ng4 Re1+ 44. Kb2 Re2+ 45. Ka3 Kf7 46. Bf6+ Ke8
47. Ne5 Rxe5 48. Bxe5 Bxg5 49. Bxf4 Bxf4 50. Rxh7 1-0

[Event "XV Festival A"]
[Site "Padova ITA"]
[Date "2012.12.21"]
[Round "7"]
[White "Shishkin, Vadim"]
[Black "Lazic, Miroljub"]
[WhiteElo "2501"]
[BlackElo "2471"]
[Result "0-1"]
[PlyCount "136"]
[EventDate "2012.12.16"]

1. d4 d6 2. Nf3 Bg4 3. e4 c6 4. h3 Bxf3 5. Qxf3 e5 6. Bc4 Nf6 7. dxe5 dxe5 8.
g4 h6 9. Nc3 Nbd7 10. Be3 b5 11. Bb3 Nc5 12. Rd1 Qc7 13. Bxc5 Bxc5 14. Ne2 Qe7
15. Ng3 g6 16. Rd3 Rd8 17. Rxd8+ Qxd8 18. O-O Qe7 19. Rd1 O-O 20. Kg2 Bd4 21.
c3 Bb6 22. Nf1 Nh7 23. Nh2 Kh8 24. Qd3 Rd8 25. Qe2 Rxd1 26. Bxd1 Kg7 27. Bb3
Nf6 28. Nf3 Nd7 29. a3 Nc5 30. Ba2 Qd6 31. Ne1 Qf6 32. Nf3 Qf4 33. Bb1 a5 34.
b4 Na4 35. Qc2 Qf6 36. Ba2 axb4 37. axb4 Ba7 38. Qd3 Bb8 39. Bb3 Nb6 40. Qe3
Nc8 41. Qc5 Ne7 42. Ng1 Bc7 43. Ne2 Nc8 44. Qe3 Bb6 45. Qf3 Qe7 46. Qd3 Nd6 47.
Ng3 Ne8 48. Nf1 Nf6 49. Nd2 Nh7 50. Nf3 Nf8 51. Ng1 g5 52. Ne2 Ng6 53. Kf1 Qf6
54. Qg3 Nh4 55. Ng1 Qd6 56. Ke1 c5 57. bxc5 Qxc5 58. Ne2 b4 59. cxb4 Qxb4+ 60.
Kf1 Qxe4 61. Nc3 Qh1+ 62. Ke2 Bd4 63. Bc2 Ng2 64. Nd1 Qe1+ 65. Kd3 Nf4+ 66. Kc4
Qe2+ 67. Kb3 Qb5+ 68. Ka2 Ne2 0-1

[Event "XV Festival A"]
[Site "Padova ITA"]
[Date "2012.12.21"]
[Round "7"]
[White "Solomon, Kenny"]
[Black "Mrdja, Milan"]
[WhiteElo "2440"]
[BlackElo "2387"]
[Result "1-0"]
[PlyCount "81"]
[EventDate "2012.12.16"]

1. d4 c5 2. d5 Nf6 3. c4 e6 4. Nc3 exd5 5. cxd5 d6 6. Nf3 g6 7. Bf4 Bg7 8. Qa4+
Kf8 9. e4 Ne8 10. Bd3 Nd7 11. O-O a6 12. Rfe1 b5 13. Qc2 h6 14. Bg3 g5 15. h3
Ne5 16. Be2 h5 17. Nxe5 Bxe5 18. Bxe5 dxe5 19. Nd1 c4 20. Qc3 Qe7 21. a4 Rb8
22. axb5 axb5 23. Bf1 Nd6 24. Qb4 Kg7 25. Ne3 Qf6 26. Nc2 Rh6 27. Qc3 g4 28. h4
b4 29. Nxb4 Nb5 30. Qg3 Nd4 31. Nc6 Rb3 32. Re3 Rxe3 33. fxe3 Nxc6 34. dxc6
Qxc6 35. Qxe5+ Kg8 36. Rd1 Bd7 37. Bxc4 Qxc4 38. Rxd7 Qc1+ 39. Kh2 g3+ 40.
Qxg3+ Rg6 41. Qb8+ 1-0

[Event "XV Festival A"]
[Site "Padova ITA"]
[Date "2012.12.21"]
[Round "7"]
[White "Viaggi, Stefano"]
[Black "Bozzao, Francesco"]
[WhiteElo "2042"]
[BlackElo "1857"]
[Result "1-0"]
[PlyCount "151"]
[EventDate "2012.12.16"]

1. d4 Nf6 2. Nf3 g6 3. Bf4 Bg7 4. e3 O-O 5. Be2 d6 6. O-O Nc6 7. h3 Re8 8. c4
e6 9. Nc3 a6 10. Rc1 Nd7 11. Bh2 e5 12. Re1 b6 13. Na4 Bb7 14. Nc3 Rb8 15. a3
e4 16. Nd2 Nf6 17. b4 Qe7 18. Qc2 h5 19. Nd5 Qd8 20. Nxf6+ Bxf6 21. Nxe4 Bxd4
22. Bf3 Be5 23. Nc3 Bxh2+ 24. Kxh2 Ne5 25. Bxb7 Rxb7 26. Nd5 c6 27. Nf4 Qh4 28.
Kg1 Qg5 29. Qe2 Qf5 30. Red1 Rd7 31. b5 axb5 32. cxb5 cxb5 33. Rd5 Qg5 34. Kh1
b4 35. axb4 Qd8 36. b5 Qb8 37. Rcd1 Rc8 38. Nxh5 gxh5 39. Rxe5 dxe5 40. Rxd7
Rc1+ 41. Rd1 Rc5 42. Qxh5 e4 43. Qg4+ Kf8 44. Qxe4 Rxb5 45. g3 Qc8 46. Kg2 Rh5
47. h4 Rh6 48. Ra1 Qc7 49. Ra8+ Kg7 50. Qd4+ Rf6 51. Rd8 Qc6+ 52. Qd5 Qc2 53.
Qg5+ Rg6 54. Qe5+ Rf6 55. Rg8+ Kxg8 56. Qxf6 Qe4+ 57. Qf3 Qe6 58. g4 b5 59. Qf4
Qd5+ 60. e4 Qc4 61. h5 Kg7 62. h6+ Kh7 63. g5 Qe6 64. e5 b4 65. Qxb4 Qxe5 66.
Qg4 Qd5+ 67. Kg3 Qe5+ 68. Qf4 Qc3+ 69. Qe3 Qc7+ 70. Qf4 Qd7 71. Qe5 Qd3+ 72.
Kg4 Qd1+ 73. Kf5 Qd7+ 74. Kf6 Qd8+ 75. Kxf7 Qd7+ 76. Qe7 1-0

[Event "XV Festival A"]
[Site "Padova ITA"]
[Date "2012.12.21"]
[Round "7"]
[White "Viola, Enrico"]
[Black "Battagin, Mose'"]
[WhiteElo "1865"]
[BlackElo "1816"]
[Result "0-1"]
[PlyCount "58"]
[EventDate "2012.12.16"]

1. Nf3 g6 2. d4 Bg7 3. c4 d6 4. Nc3 Nf6 5. e4 O-O 6. Be2 Bg4 7. Be3 Nfd7 8. h3
Bxf3 9. Bxf3 c5 10. Qd2 cxd4 11. Bxd4 Ne5 12. Be2 Nbc6 13. Be3 Rc8 14. f4 Nd7
15. O-O Nc5 16. e5 Re8 17. Rad1 Ne6 18. exd6 exd6 19. Nb5 Bf8 20. f5 Nc5 21.
fxg6 hxg6 22. Bg4 Ne4 23. Qd5 Nf6 24. Rxf6 Qxf6 25. Rf1 Qxb2 26. Bg5 Nb4 27.
Qd2 Qe5 28. Bf4 Qc5+ 29. Kh1 Rcd8 0-1

[Event "XV Festival A"]
[Site "Padova ITA"]
[Date "2012.12.22"]
[Round "8"]
[White "Baschirotto, Marco"]
[Black "Lantini, Marco"]
[WhiteElo "1888"]
[BlackElo "2186"]
[Result "0-1"]
[PlyCount "70"]
[EventDate "2012.12.16"]

1. d4 Nf6 2. c4 e6 3. Nf3 c5 4. e3 cxd4 5. Nxd4 Be7 6. Nc3 O-O 7. Bd3 d6 8. O-O
a6 9. b3 Qc7 10. Bb2 Nbd7 11. Rc1 b6 12. Ne4 Bb7 13. Nxf6+ Bxf6 14. Qh5 g6 15.
Qh3 Nc5 16. Bb1 e5 17. Ne2 Qe7 18. g4 Ne4 19. Bxe4 Bxe4 20. Nc3 Bb7 21. e4 Bg5
22. Rcd1 f5 23. f3 Be3+ 24. Kg2 fxg4 25. fxg4 Bd4 26. Qd3 Qh4 27. Qe2 Rae8 28.
h3 h5 29. gxh5 gxh5 30. Rxf8+ Rxf8 31. Rf1 Rxf1 32. Kxf1 Bc8 33. Qg2+ Kh7 34.
Nd5 Bxh3 35. Nf6+ Qxf6+ 0-1

[Event "XV Festival A"]
[Site "Padova ITA"]
[Date "2012.12.22"]
[Round "8"]
[White "Battagin, Mose'"]
[Black "Buchicchio, Alessandro"]
[WhiteElo "1816"]
[BlackElo "1956"]
[Result "0-1"]
[PlyCount "100"]
[EventDate "2012.12.16"]

1. e4 c5 2. Nf3 Nc6 3. Bb5 e6 4. O-O Nge7 5. c3 a6 6. Ba4 b5 7. Bc2 d5 8. e5
Ng6 9. d4 Be7 10. Re1 Bd7 11. Nbd2 Qc7 12. Nf1 cxd4 13. cxd4 Nh4 14. Nxh4 Bxh4
15. Be3 Qd8 16. Qh5 h6 17. Rad1 Bg5 18. Bb1 Bxe3 19. Nxe3 Qg5 20. Qe2 Rc8 21.
g3 h5 22. h4 Qe7 23. Ng2 Qb4 24. a3 Qc4 25. Qe3 b4 26. Qg5 Nxd4 27. Rxd4 Qxd4
28. Qxg7 Rf8 29. Nf4 Qd2 30. Rf1 Rc1 31. Bd3 Rxf1+ 32. Bxf1 Bb5 33. Bxb5+ axb5
34. Kg2 Qxb2 35. axb4 Qxb4 36. Nxh5 d4 37. Nf6+ Kd8 38. Ne4 Qe7 39. Nd6 b4 40.
Qg4 Qa7 41. Qg7 Qe7 42. Qg4 Qa7 43. Qg7 Ke7 44. Qg5+ Kd7 45. Qg7 Qa8+ 46. Kh2
Kc6 47. Qg4 Kc5 48. Qd1 Qa2 49. Qc1+ Kd5 50. Qf4 Qe2 0-1

[Event "XV Festival A"]
[Site "Padova ITA"]
[Date "2012.12.22"]
[Round "8"]
[White "Bonan, Yves"]
[Black "Kassel, Walter"]
[WhiteElo "1891"]
[BlackElo "1912"]
[Result "1/2-1/2"]
[PlyCount "31"]
[EventDate "2012.12.16"]

1. Nf3 Nf6 2. g3 g6 3. c4 Bg7 4. Nc3 O-O 5. Bg2 d6 6. O-O e5 7. d3 Nbd7 8. Bg5
h6 9. Bxf6 Nxf6 10. Rb1 a5 11. Nd2 Rb8 12. b4 axb4 13. Rxb4 b6 14. a4 Be6 15.
h3 d5 16. Qc2 1/2-1/2

[Event "XV Festival A"]
[Site "Padova ITA"]
[Date "2012.12.22"]
[Round "8"]
[White "Bozzao, Francesco"]
[Black "Dorigo, Tommaso"]
[WhiteElo "1857"]
[BlackElo "1899"]
[Result "0-1"]
[PlyCount "172"]
[EventDate "2012.12.16"]

1. d4 d5 2. Nf3 Bf5 3. c4 e6 4. Nc3 c6 5. Bf4 Nd7 6. e3 Ngf6 7. Qb3 Qb6 8. c5
Qxb3 9. axb3 a6 10. b4 Rc8 11. h3 h6 12. Nd2 Be7 13. Nb3 Bd8 14. Na5 Bxa5 15.
bxa5 O-O 16. g4 Bg6 17. Bd6 Rfe8 18. f4 Ne4 19. Nxe4 Bxe4 20. Rg1 g5 21. Ra4
Ra8 22. Rb4 Ra7 23. Kd2 Nf6 24. fxg5 hxg5 25. Bd3 Bxd3 26. Kxd3 Ne4 27. Bg3 Kg7
28. Be1 Rh8 29. Rh1 f5 30. gxf5 exf5 31. Ke2 Kg6 32. Kf3 Rh7 33. h4 Nf6 34. Kg2
Ng4 35. Rb3 Ra8 36. hxg5 Rah8 37. Rxh7 Rxh7 38. Kg1 Kxg5 39. Bg3 Nf6 40. Bf4+
Kg4 41. Kg2 Ne4 42. Rd3 Re7 43. Rd1 Rh7 44. Rd3 Kh4 45. Rd1 Kh5 46. Rh1+ Kg6
47. Rxh7 Kxh7 48. Bc7 Kg6 49. Bd8 Nd2 50. Kf2 f4 51. exf4 Kf5 52. Bc7 Ke4 53.
f5 Kxf5 54. Ke2 Ne4 55. Kf3 Ng5+ 56. Ke3 Ne6 57. Bg3 Kg4 58. Be5 Nd8 59. b4 Nf7
60. Bc7 Nh6 61. Be5 Nf5+ 62. Kf2 Nh4 63. Ke3 Ng2+ 64. Kf2 Nh4 65. Ke3 Nf3 66.
Bc7 Ng5 67. Bd6 Ne4 68. Bc7 Nc3 69. Kd2 Nb5 70. Be5 Kf3 71. Kd3 Na3 72. Bf6 Nc4
73. Bg5 Na3 74. Bc1 Nb5 75. Bg5 Nc7 76. Bf6 Ne6 77. Be5 Nf4+ 78. Kd2 Ke4 79.
Bf6 Nd3 80. Kc3 Nc1 81. Kd2 Na2 82. Kc2 Nxb4+ 83. Kc3 Nd3 84. Bg5 Nf4 85. Kd2
Ne6 86. Bf6 Nxd4 0-1

[Event "XV Festival A"]
[Site "Padova ITA"]
[Date "2012.12.22"]
[Round "8"]
[White "Buchicchio, Giancarlo"]
[Black "Viaggi, Stefano"]
[WhiteElo "2069"]
[BlackElo "2042"]
[Result "0-1"]
[PlyCount "100"]
[EventDate "2012.12.16"]

1. e4 g6 2. d4 Bg7 3. Nc3 d6 4. Be3 Nd7 5. g3 b6 6. Bg2 Bb7 7. d5 e5 8. dxe6
fxe6 9. Qg4 Qe7 10. Nb5 Ndf6 11. Qe2 a6 12. Nc3 Nh6 13. h3 O-O 14. O-O-O b5 15.
f3 Nf7 16. h4 b4 17. Nb1 Nh5 18. Qe1 c5 19. g4 Nf6 20. Nh3 Ne5 21. h5 Nc4 22.
hxg6 hxg6 23. c3 Nxe3 24. Qxe3 d5 25. e5 Nd7 26. f4 d4 27. Qg3 Bxg2 28. Qxg2
bxc3 29. bxc3 Rab8 30. Qe4 Qf7 31. Rdf1 Rfd8 32. Ng5 Qe8 33. Rf2 Nf8 34. Rh3
Qb5 35. f5 d3 36. Na3 Qa5 37. Nb1 Qb5 38. Na3 Qa5 39. Nb1 Rxb1+ 40. Kd2 Qxa2+
41. Ke3 Re1+ 42. Kf3 Qxf2+ 43. Kxf2 Rxe4 44. Nxe4 d2 45. Nxd2 Rxd2+ 46. Ke3 Rd5
47. fxe6 Rxe5+ 48. Kd3 Nxe6 49. Rh1 Kf7 50. Rb1 Kf6 0-1

[Event "XV Festival A"]
[Site "Padova ITA"]
[Date "2012.12.22"]
[Round "8"]
[White "Burmakin, Vladimir"]
[Black "Lazic, Miroljub"]
[WhiteElo "2558"]
[BlackElo "2471"]
[Result "1/2-1/2"]
[PlyCount "22"]
[EventDate "2012.12.16"]

1. d4 d5 2. c4 c6 3. Nf3 Nf6 4. cxd5 cxd5 5. Nc3 Nc6 6. Bf4 a6 7. e3 Bf5 8. Bd3
Bxd3 9. Qxd3 e6 10. O-O Bd6 11. Bxd6 Qxd6 1/2-1/2

[Event "XV Festival A"]
[Site "Padova ITA"]
[Date "2012.12.22"]
[Round "8"]
[White "Codenotti, Marco"]
[Black "Solomon, Kenny"]
[WhiteElo "2362"]
[BlackElo "2440"]
[Result "1/2-1/2"]
[PlyCount "104"]
[EventDate "2012.12.16"]

1. e4 e5 2. Nf3 Nc6 3. Bb5 a6 4. Ba4 Nf6 5. O-O Be7 6. Re1 b5 7. Bb3 d6 8. c3
O-O 9. d4 Bg4 10. d5 Na5 11. Bc2 Qc8 12. h3 Bd7 13. Nbd2 c6 14. dxc6 Qxc6 15.
Nf1 Nc4 16. a4 Nb6 17. a5 Na4 18. Ne3 Nc5 19. c4 bxc4 20. Nxc4 Be6 21. Nb6 Rab8
22. Bg5 Bd8 23. Bxf6 gxf6 24. Nd5 f5 25. Nc3 f4 26. Rb1 Rb4 27. Nd5 Bxd5 28.
exd5 Qd7 29. Nxe5 dxe5 30. Rxe5 f5 31. Qd2 Rc4 32. d6 Kh8 33. Rxc5 Rxc5 34.
Qd4+ Qg7 35. Qxc5 Bf6 36. Qxf5 Be5 37. Qg4 Qxg4 38. hxg4 Bxd6 39. Rd1 Be5 40.
Rd7 Rc8 41. Rxh7+ Kg8 42. Re7 Bxb2 43. Bb3+ Kh8 44. Re6 Rc1+ 45. Kh2 Bd4 46. g3
Rc3 47. Bd1 fxg3+ 48. fxg3 Rd3 49. Be2 Re3 50. Rxe3 Bxe3 51. Bxa6 Bd2 52. Bc8
Bxa5 1/2-1/2

[Event "XV Festival A"]
[Site "Padova ITA"]
[Date "2012.12.22"]
[Round "8"]
[White "Efimov, Igor"]
[Black "Sanchez, Joseph"]
[WhiteElo "2413"]
[BlackElo "2533"]
[Result "0-1"]
[PlyCount "71"]
[EventDate "2012.12.16"]

1. c4 Nf6 2. Nc3 e5 3. g3 Bb4 4. Bg2 O-O 5. Nf3 Re8 6. O-O h6 7. d3 c6 8. Bd2
a5 9. a3 Bf8 10. e4 Na6 11. Re1 Bc5 12. Na4 d6 13. Nxc5 Nxc5 14. Bc3 a4 15. h3
Be6 16. Rb1 Qc8 17. Kh2 b5 18. cxb5 cxb5 19. Bb4 Ra6 20. Qe2 Nb3 21. Qe3 Bg4
22. Nd2 Nd4 23. Rbc1 Nc2 24. Rxc2 Qxc2 25. Bc3 Rc6 26. d4 Rec8 27. Nb1 Bd1 28.
d5 Rc4 29. Qd2 Qxb1 30. Rxd1 Qa2 31. Qd3 Qb3 32. Rc1 b4 33. axb4 a3 34. Qd1
axb2 35. Qxb3 bxc1=Q 36. Bb2 0-1

[Event "XV Festival A"]
[Site "Padova ITA"]
[Date "2012.12.22"]
[Round "8"]
[White "Gallo, Enrico"]
[Black "Dvirnyy, Danyyil"]
[WhiteElo "2074"]
[BlackElo "2537"]
[Result "0-1"]
[PlyCount "134"]
[EventDate "2012.12.16"]

1. e4 c5 2. Nf3 d6 3. d4 cxd4 4. Nxd4 Nf6 5. Nc3 g6 6. Be3 a6 7. f3 b5 8. Qd2
Bb7 9. O-O-O h5 10. Nb3 Nbd7 11. g3 Rc8 12. Kb1 e6 13. Ne2 Qc7 14. Bd4 Be7 15.
Bg2 O-O 16. Nec1 Nb6 17. Na5 Ba8 18. Nd3 e5 19. Bc3 Na4 20. Bb4 Rfe8 21. Nb3
Bf8 22. Rhe1 Nb6 23. Ba5 Qb8 24. Bh3 Nc4 25. Qg5 Nxa5 26. Nxa5 Rcd8 27. g4 hxg4
28. Bxg4 Qc7 29. Nb3 Be7 30. Qh6 Bf8 31. Qg5 Bg7 32. Nf2 d5 33. Nd2 dxe4 34.
Ndxe4 Nh7 35. Rxd8 Rxd8 36. Qe3 f5 37. Nc5 Qc6 38. Qb3+ Kh8 39. Ne6 Rd6 40.
Nxg7 Kxg7 41. Rxe5 Qc4 42. Re7+ Kf6 43. Qxc4 bxc4 44. Rxh7 Rd2 45. Ne4+ fxe4
46. Kc1 e3 47. Rh8 Bc6 48. Rc8 Rd6 49. f4 a5 50. Be2 Bd5 51. b3 Be6 52. Rc5 Rd2
53. Bd1 Rxh2 54. Re5 Rh1 55. Rxe3 Bg4 56. bxc4 Rxd1+ 57. Kb2 Rd4 58. Kc3 Rxf4
59. c5 Be6 60. Kd3 Bc4+ 61. Kc3 Bd5 62. Re8 g5 63. Rd8 Ke5 64. Kd3 g4 65. Re8+
Be6 66. Ra8 g3 67. c6 g2 0-1

[Event "XV Festival A"]
[Site "Padova ITA"]
[Date "2012.12.22"]
[Round "8"]
[White "Giuriato, Sergio"]
[Black "Franco, Alessandro P."]
[WhiteElo "1959"]
[BlackElo "1906"]
[Result "1-0"]
[PlyCount "51"]
[EventDate "2012.12.16"]

1. d4 e6 2. c4 Nf6 3. g3 c5 4. d5 exd5 5. cxd5 d6 6. Nc3 g6 7. Bg2 Bg7 8. Nf3
O-O 9. O-O Re8 10. Nd2 a6 11. a4 Nbd7 12. h3 Rb8 13. Nc4 Ne5 14. Na3 b6 15. f4
Ned7 16. Nc4 Qe7 17. e4 Nh5 18. Kh2 h6 19. Bd2 g5 20. Qxh5 gxf4 21. Bxf4 Ne5
22. Bxe5 Bxe5 23. Nxe5 Qxe5 24. Qxf7+ Kh8 25. Rf6 Qh5 26. Qxh5 1-0

[Event "XV Festival A"]
[Site "Padova ITA"]
[Date "2012.12.22"]
[Round "8"]
[White "Laketic, Gojko"]
[Black "Solodovnichenko, Yuri"]
[WhiteElo "2425"]
[BlackElo "2557"]
[Result "0-1"]
[PlyCount "106"]
[EventDate "2012.12.16"]

1. d4 d5 2. c4 e6 3. Nc3 c6 4. cxd5 exd5 5. Bf4 Bf5 6. e3 Nf6 7. Bd3 Bxd3 8.
Qxd3 Na6 9. h3 Qb6 10. Qb1 Nc7 11. Nge2 Ne6 12. Bh2 Be7 13. Qc2 a5 14. O-O O-O
15. Nf4 Nxf4 16. Bxf4 Rfe8 17. Rac1 Qa6 18. Na4 Ne4 19. f3 Nf6 20. e4 dxe4 21.
fxe4 Rad8 22. Be5 b5 23. Bxf6 Bxf6 24. Rxf6 gxf6 25. Nc5 Qa7 26. Qf2 Qe7 27.
Rc3 f5 28. e5 f6 29. e6 Rd5 30. Rg3+ Kh8 31. Rf3 Red8 32. Rxf5 b4 33. Kh1 Qg7
34. Kh2 Rg8 35. b3 Qg6 36. Qf3 Kg7 37. Qf2 Kf8 38. g4 h5 39. gxh5 Qg7 40. Nd7+
Ke7 41. Nb6 Rb5 42. Nd7 a4 43. Nc5 axb3 44. axb3 Ra5 45. Na4 Ke8 46. h4 Qc7+
47. Kh3 Ke7 48. Qf3 Rg7 49. Qe3 Ra8 50. d5 cxd5 51. Qd2 Rb8 52. Qf2 Rbg8 53.
Qc5+ Qxc5 0-1

[Event "XV Festival A"]
[Site "Padova ITA"]
[Date "2012.12.22"]
[Round "8"]
[White "Manca, Federico"]
[Black "Massironi, Marco"]
[WhiteElo "2433"]
[BlackElo "2214"]
[Result "0-1"]
[PlyCount "80"]
[EventDate "2012.12.16"]

1. e4 c5 2. c3 d6 3. d4 Nf6 4. Bd3 Nc6 5. Nf3 e5 6. d5 Ne7 7. Bg5 Ng6 8. Bb5+
Bd7 9. Bxf6 gxf6 10. a4 a6 11. Bxd7+ Qxd7 12. Nfd2 f5 13. Nc4 fxe4 14. Nb6 Qf5
15. Nxa8 Nf4 16. Kf1 e3 17. fxe3 Nxg2+ 18. Ke2 Qe4 19. Qf1 Bh6 20. Qf3 Nf4+ 21.
Kf2 Nd3+ 22. Ke2 Nf4+ 23. Kf2 Qc2+ 24. Kf1 Qc1+ 25. Kf2 Qc2+ 26. Nd2 Qxd2+ 27.
Kf1 Qd3+ 28. Kf2 Qd2+ 29. Kf1 Qd3+ 30. Kf2 e4 31. Qg4 Qd2+ 32. Kf1 Qd3+ 33. Kf2
f5 34. Nc7+ Kd7 35. Qxf5+ Kxc7 36. Qf7+ Kb8 37. exf4 Rf8 38. Qxh7 Rxf4+ 39. Kg2
Qd2+ 40. Kh3 Qe3+ 0-1

[Event "XV Festival A"]
[Site "Padova ITA"]
[Date "2012.12.22"]
[Round "8"]
[White "Naumkin, Igor"]
[Black "Collutiis, Duilio"]
[WhiteElo "2500"]
[BlackElo "2495"]
[Result "1-0"]
[PlyCount "107"]
[EventDate "2012.12.16"]

1. d4 d5 2. c4 c6 3. Nf3 Nf6 4. Nc3 dxc4 5. a4 Bf5 6. e3 e6 7. Bxc4 Bb4 8. O-O
O-O 9. Nh4 Qe7 10. Nxf5 exf5 11. Qc2 g6 12. f3 c5 13. Na2 Ba5 14. dxc5 Nc6 15.
b4 Nxb4 16. Nxb4 Bxb4 17. Qb3 a5 18. Bb2 Rac8 19. Rad1 f4 20. exf4 Qxc5+ 21.
Rd4 Qc7 22. Kh1 Bc5 23. Rd3 Qxf4 24. g3 Qf5 25. Qc3 Bb4 26. Qd4 Rc6 27. Rfd1
Rfc8 28. g4 Qg5 29. Bb3 Bf8 30. Qe5 Qxe5 31. Bxe5 h6 32. Rd8 Nh7 33. h4 Rxd8
34. Rxd8 Nf6 35. g5 hxg5 36. hxg5 Nh7 37. f4 Rc1+ 38. Kg2 Re1 39. Kf2 Rxe5 40.
fxe5 Nxg5 41. Ke3 b6 42. Rb8 Ne6 43. Bxe6 fxe6 44. Ke4 g5 45. Rxb6 Kf7 46. Kf3
Bb4 47. Kg4 Bc3 48. Ra6 Bd2 49. Kh5 Bc3 50. Kxg5 Bxe5 51. Rxa5 Bd4 52. Rb5 Ke7
53. a5 Kd6 54. Rb7 1-0

[Event "XV Festival A"]
[Site "Padova ITA"]
[Date "2012.12.22"]
[Round "8"]
[White "Parrella, Alfredo"]
[Black "Mosca, Leonildo"]
[WhiteElo "2086"]
[BlackElo "2113"]
[Result "1/2-1/2"]
[PlyCount "98"]
[EventDate "2012.12.16"]

1. c4 e5 2. g3 Nc6 3. Nc3 g6 4. Bg2 Bg7 5. d3 d6 6. e4 f5 7. Nge2 Nf6 8. O-O
O-O 9. Nd5 Be6 10. exf5 Bxf5 11. h3 Qd7 12. Kh2 Rae8 13. Be3 Kh8 14. Qd2 Qc8
15. Rac1 Ne7 16. b4 b6 17. b5 c5 18. bxc6 Nxc6 19. Nec3 Qd7 20. Rfd1 Rf7 21.
Nb5 Rc8 22. Rc3 Be6 23. Rb1 Nd4 24. Nxf6 Bxf6 25. Bxd4 exd4 26. Ra3 a5 27. Rab3
d5 28. cxd5 Bxd5 29. Bxd5 Qxd5 30. Re1 Be7 31. Qe2 Bb4 32. Reb1 Rcf8 33. f4 Re7
34. Qf2 Rfe8 35. Qxd4+ Qxd4 36. Nxd4 Bc5 37. Nf3 Re2+ 38. Kh1 Rxa2 39. d4 Bb4
40. Ne5 Rc8 41. R1b2 Rxb2 42. Rxb2 Bc3 43. Rxb6 Bxd4 44. Nf7+ Kg8 45. Rb7 Ra8
46. Rd7 Bg7 47. Ne5 Bxe5 48. fxe5 a4 49. e6 Re8 1/2-1/2

[Event "XV Festival A"]
[Site "Padova ITA"]
[Date "2012.12.22"]
[Round "8"]
[White "Petkov, Vladimir"]
[Black "Mogranzini, Roberto"]
[WhiteElo "2567"]
[BlackElo "2489"]
[Result "1/2-1/2"]
[PlyCount "92"]
[EventDate "2012.12.16"]

1. d4 Nf6 2. c4 g6 3. Nc3 Bg7 4. e4 d6 5. h3 O-O 6. Nf3 e5 7. d5 a5 8. Bg5 Na6
9. Nd2 Qe8 10. Be2 Bd7 11. b3 Nc5 12. a3 Nh5 13. Be3 Nf4 14. Bxc5 dxc5 15. g3
Nxh3 16. Nf3 Qe7 17. Qd2 g5 18. Nb5 c6 19. dxc6 bxc6 20. Qd6 Qxd6 21. Nxd6 Rab8
22. Bd1 Rfd8 23. Ra2 g4 24. Nh4 a4 25. Nhf5 axb3 26. Rb2 Bf8 27. Bxg4 Ng5 28.
f4 exf4 29. gxf4 Bxd6 30. fxg5 Be5 31. Rb1 Bf4 32. Ne7+ Kf8 33. Bxd7 Rxd7 34.
Nf5 Kg8 35. Nh6+ Kh8 36. Rf1 Bd2+ 37. Ke2 Rbb7 38. Nxf7+ Rxf7 39. Rxf7 Rxf7 40.
Kxd2 Rf3 41. a4 Kg7 42. a5 Kg6 43. a6 Kxg5 44. Rb2 Rf4 45. Kc3 Rf3+ 46. Kd2
Rf2+ 1/2-1/2

[Event "XV Festival A"]
[Site "Padova ITA"]
[Date "2012.12.22"]
[Round "8"]
[White "Quaranta, Cristiano"]
[Black "Cardili, Mariano"]
[WhiteElo "2102"]
[BlackElo "2126"]
[Result "1/2-1/2"]
[PlyCount "73"]
[EventDate "2012.12.16"]

1. d4 d5 2. c4 c6 3. Nf3 Nf6 4. Nc3 dxc4 5. a4 Bf5 6. Ne5 Nbd7 7. Nxc4 Qc7 8.
g3 e5 9. dxe5 Nxe5 10. Bf4 Nfd7 11. Bg2 f6 12. O-O Rd8 13. Qc1 Be6 14. Nxe5
Nxe5 15. a5 a6 16. Ne4 Bd5 17. Rd1 Bxe4 18. Bxe4 Be7 19. Qc2 g6 20. Qb3 Bd6 21.
Bc2 Ke7 22. Be3 c5 23. Be4 Rd7 24. Rac1 Rc8 25. Bb1 c4 26. Qc3 Bc5 27. Bf4
Rxd1+ 28. Rxd1 Bd6 29. Ba2 Qc5 30. Bxe5 Bxe5 31. Qd2 Qc7 32. Rc1 Qd7 33. Qh6
Ke8 34. Qe3 Qd4 35. Qxd4 Bxd4 36. Rxc4 Rxc4 37. Bxc4 1/2-1/2

[Event "XV Festival A"]
[Site "Padova ITA"]
[Date "2012.12.22"]
[Round "8"]
[White "Rossi, Carlo"]
[Black "Tsalughelashvili, Lile"]
[WhiteElo "2286"]
[BlackElo "2085"]
[Result "1-0"]
[PlyCount "59"]
[EventDate "2012.12.16"]

1. e4 c5 2. Nf3 Nc6 3. Bb5 g6 4. O-O Bg7 5. Re1 e5 6. b4 Nxb4 7. Bb2 Qc7 8. c3
Nc6 9. d4 a6 10. Bxc6 dxc6 11. dxc5 Bg4 12. Nbd2 Rd8 13. Qb3 Ne7 14. h3 Be6 15.
Nc4 O-O 16. Ng5 Bxc4 17. Qxc4 b5 18. cxb6 Qxb6 19. Ba3 Rd2 20. Bc5 Qc7 21. Rad1
Rxd1 22. Rxd1 Bf6 23. Ne6 fxe6 24. Qxe6+ Rf7 25. Rd7 Qb8 26. Bxe7 Qb1+ 27. Kh2
Qxe4 28. Rd8+ Kg7 29. Bxf6+ Rxf6 30. Rg8+ 1-0

[Event "XV Festival A"]
[Site "Padova ITA"]
[Date "2012.12.22"]
[Round "8"]
[White "Santolini, Luigi"]
[Black "Boscolo, Federico"]
[WhiteElo "2144"]
[BlackElo "2320"]
[Result "0-1"]
[PlyCount "92"]
[EventDate "2012.12.16"]

1. e4 c5 2. c3 d5 3. exd5 Qxd5 4. d4 Nc6 5. Nf3 Bf5 6. Be3 cxd4 7. cxd4 Bxb1 8.
Rxb1 Qxa2 9. Qc1 e6 10. Bc4 Qa5+ 11. Ke2 Nf6 12. Rd1 Bd6 13. Ra1 Qc7 14. Bb5
O-O 15. Bxc6 bxc6 16. Ra6 Rfc8 17. Ne5 Bxe5 18. dxe5 Qxe5 19. Ke1 Qxh2 20. Rxc6
Qh1+ 21. Ke2 Qh5+ 22. Ke1 Qa5+ 23. Bd2 Rxc6 24. Qxc6 Qd5 25. Rc1 Qxc6 26. Rxc6
Nd5 27. Ra6 h5 28. Ke2 Rb8 29. b4 Nxb4 30. Bxb4 Rxb4 31. Rxa7 Rb3 32. Re7 g6
33. Ra7 Kg7 34. Rc7 g5 35. Rc5 Kg6 36. Rc8 h4 37. Rh8 Kf5 38. Rf8 f6 39. Rh8 e5
40. Rh6 Rb6 41. Rh8 Kf4 42. Rh6 Rb2+ 43. Kf1 f5 44. Kg1 e4 45. Rh8 e3 46. fxe3+
Kg3 0-1